Normal view
MARC view
- Analog-to-digital converters
Entry Topical Term
001 - CONTROL NUMBER
- control field: 106457
003 - CONTROL NUMBER IDENTIFIER
- control field: NUST
005 - DATE AND TIME OF LATEST TRANSACTION
- control field: 20221229192112.0
008 - FIXED-LENGTH DATA ELEMENTS
- fixed length control field: 221229|| aca||aabn | a|a d
040 ## - CATALOGING SOURCE
- Original cataloging agency: NUST
- Transcribing agency: NUST
150 ## - HEADING--TOPICAL TERM
- Topical term or geographic name entry element: Analog-to-digital converters
670 ## - SOURCE DATA FOUND
- Source citation: Work cat.: (NUST)183994: Daugherty, Kevin M. 106456, Analog-to-digital conversion :, c1995.
